| 000 | 00665cam a2200205 i 4500 | ||
|---|---|---|---|
| 001 | 42097 | ||
| 003 | Mx-PuUPA | ||
| 005 | 20260430134904.0 | ||
| 008 | 140415s2023 mx gr 000 0 spa d | ||
| 020 | _a9786075963891 | ||
| 040 | _cMx-PuUPA | ||
| 041 | _aspa | ||
| 082 | 0 | 4 |
_axx _bxx _224 |
| 245 |
_aTeología y universidad : _bnuevos métodos y espacios / _cPaniel reyes Cárdenas, Mauricio López Noriega (eds) |
||
| 250 | _aPrimera edición | ||
| 264 | 1 |
_aCiudad de México : _bLAMBDA Editorial, _c2023 |
|
| 300 |
_a138 páginas ; _c23 cm |
||
| 942 |
_2ddc _cLI _hxx _ixx |
||
| 999 |
_c42097 _d42097 |
||